Elements With The Highest Density - Statistics

General Stats
  • This quiz has been taken 13 times
  • The average score is 8 of 20
Answer Stats
Density (g/cm^3) Element % Correct
19.282 Gold
92%
21.46 Platinum
75%
18.95 Uranium
75%
19.84 Plutonium
67%
20.45 Neptunium
42%
(16) Nihonium
42%
22.61 Osmium
42%
19.25 Tungsten
42%
(15.6) Lawrencium
33%
(28.7) Roentgenium
33%
(23.2) Rutherfordium
33%
(37.1) Bohrium
25%
(29.3) Dubnium
25%
22.56 Iridium
25%
(37.4) Meitnerium
25%
21.02 Rhenium
25%
(35) Seaborgium
25%
(34.8) Darmstadtium
17%
(40.7) Hassium
17%
16.654 Tantalum
17%
No matching quizzes found
Score Distribution
Percent of People with Each Score
Percentile by Number Answered
Your Score History
You have not taken this quiz